[Event "OLSW 1819 SVG Saarbrücken - SC Heimbach"]
[Site "?"]
[Date "2019.03.24"]
[Round "8.6"]
[White "Busche, Stefan"]
[Black "Roos, Thomas"]
[Result "1-0"]
[WhiteElo "2073"]
[BlackElo "2141"]
[PlyCount "105"]
[EventDate "2019.??.??"]

1. e4 c5 2. Nf3 d6 3. d4 cxd4 4. Nxd4 Nf6 5. Nc3 Nc6 6. Bg5 e6 7. Qd2 Be7 8.
O-O-O O-O 9. f3 Nxd4 10. Qxd4 Qa5 11. Qd2 Rd8 12. Kb1 Kh8 13. h4 Bd7 14. h5 h6
15. Be3 Rac8 16. g4 a6 17. Bd3 e5 18. g5 hxg5 19. h6 g6 20. Bxg5 Be6 21. Bxf6+
Bxf6 22. Nd5 Qxd2 23. Rxd2 Bxd5 24. exd5 Bg5 25. Rg2 Bf4 26. c4 a5 27. b3 Kh7
28. Kb2 Rh8 29. a3 Bxh6 30. b4 axb4 31. axb4 b6 32. Kb3 Ra8 33. Rhh2 Kg7 34.
Ra2 f5 35. Ra4 Kf6 36. Rxa8 Rxa8 37. Rxh6 Kg5 38. Rh3 Kf4 39. c5 bxc5 40. bxc5
dxc5 41. Kc4 g5 42. Kxc5 Rc8+ 43. Kb4 g4 44. fxg4 Kxg4 45. Rh7 e4 46. Be2+ Kg3
47. d6 Rc2 48. d7 Rd2 49. Kc5 f4 50. Bc4 Rxd7 51. Rxd7 e3 52. Kd4 Kf2 53. Ke4
1-0

[Event "OLSW 1819 SVG Saarbrücken - SC Heimbach"]
[Site "?"]
[Date "2019.03.24"]
[Round "8.7"]
[White "Fink, Christian"]
[Black "Pernutz, Hans-Gerhard"]
[Result "1-0"]
[WhiteElo "2155"]
[BlackElo "2051"]
[PlyCount "49"]
[EventDate "2019.??.??"]

1. e4 c5 2. Nf3 Nc6 3. Bb5 d6 4. d4 cxd4 5. Qxd4 Bd7 6. Bxc6 Bxc6 7. Nc3 e6 8.
Bg5 Nf6 9. O-O-O Be7 10. Rhe1 O-O 11. Qd2 Rc8 12. Nd4 a6 13. f4 Be8 14. f5 Ng4
15. Bxe7 Qxe7 16. Nf3 Rc6 17. Nd5 Qd8 18. Nf4 Qe7 19. Nd4 Rc8 20. h3 Ne5 21.
Nh5 Qh4 22. g4 g6 23. Qh6 gxh5 24. f6 Nd3+ 25. Kb1 1-0

[Event "OLSW 1819 Gambit Saarbrücken - SK Frank"]
[Site "?"]
[Date "2019.03.24"]
[Round "8.1"]
[White "Syrov, Arkadi"]
[Black "Pucher, Sebastien"]
[Result "1/2-1/2"]
[WhiteElo "2303"]
[BlackElo "2309"]
[PlyCount "80"]
[EventDate "2019.??.??"]

1. c4 e6 2. Nf3 d5 3. e3 dxc4 4. Bxc4 Nf6 5. O-O a6 6. b3 Nbd7 7. Bb2 b6 8. Ne5
Nxe5 9. Bxe5 Bb7 10. f4 Bd6 11. a4 O-O 12. Bb2 Qe7 13. Nc3 e5 14. Ne2 Rad8 15.
Ng3 exf4 16. exf4 Bc5+ 17. Kh1 Qd7 18. Bxf6 Qxd2 19. Ne4 Bxe4 20. Qg4 Bxg2+ 21.
Qxg2 Qxg2+ 22. Kxg2 Rd2+ 23. Kg3 gxf6 24. Rad1 Rfd8 25. Rxd2 Rxd2 26. Bxa6 Kg7
27. h3 Kg6 28. Rf3 Bd6 29. Rd3 Rb2 30. Kf3 f5 31. Bc4 Kf6 32. Re3 h5 33. Re8
Rc2 34. Rh8 Rc3+ 35. Kg2 Bxf4 36. Rxh5 Bd6 37. h4 Rg3+ 38. Kf1 Kg6 39. Rg5+
Rxg5 40. hxg5 Kxg5 1/2-1/2

[Event "OLSW 1819 Gambit Saarbrücken - SK Frank"]
[Site "?"]
[Date "2019.03.24"]
[Round "8.2"]
[White "Micottis, Dorian"]
[Black "Fulea, Dan"]
[Result "1/2-1/2"]
[WhiteElo "2248"]
[BlackElo "2215"]
[PlyCount "110"]
[EventDate "2019.??.??"]

1. e4 c5 2. Nf3 d6 3. d4 cxd4 4. Nxd4 Nf6 5. Nc3 a6 6. f4 e5 7. Nf5 Nxe4 8.
Nxg7+ Bxg7 9. Nxe4 d5 10. Nc3 Be6 11. Qh5 d4 12. Ne4 Qd5 13. Bd3 exf4 14. Qxd5
Bxd5 15. Nd6+ Kd7 16. Bxf4 Bf8 17. Nc4 Bc5 18. Ne5+ Kd8 19. O-O Nc6 20. Bg5+
Be7 21. Bxe7+ Kxe7 22. Rae1 Nxe5 23. Rxe5+ Kd6 24. Rh5 Rae8 25. Rf6+ Re6 26.
Rxf7 Re1+ 27. Rf1 Rxf1+ 28. Kxf1 h6 29. g3 Rf8+ 30. Rf5 Rxf5+ 31. Bxf5 Bxa2 32.
b3 b5 33. Ke2 a5 34. Kd3 Ke5 35. Bd7 a4 36. bxa4 Bc4+ 37. Kd2 bxa4 38. Bxa4 Ke4
39. Bc6+ Ke5 40. Bf3 Be6 41. Bg2 Bf5 42. Bf1 Be4 43. Bd3 Bd5 44. Ke2 Bc6 45.
Bg6 Bd5 46. Kd2 Bc4 47. Kc1 Kd6 48. Kb2 Kc5 49. g4 Be2 50. h3 Kc4 51. Bf7+ Kb4
52. Be6 Kc5 53. Bf5 Kd5 54. Kb3 Ke5 55. Kb4 Bf1 1/2-1/2

[Event "OLSW 1819 Gambit Saarbrücken - SK Frank"]
[Site "?"]
[Date "2019.03.24"]
[Round "8.3"]
[White "Geyer, Bernhard"]
[Black "Muller, Etienne"]
[Result "0-1"]
[WhiteElo "2173"]
[BlackElo "2155"]
[PlyCount "74"]
[EventDate "2019.??.??"]

1. e4 c5 2. Nc3 d6 3. Nf3 Nf6 4. g3 g6 5. Bg2 Bg7 6. O-O O-O 7. h3 Nc6 8. d3 e5
9. Be3 Nd4 10. Kh2 Qd7 11. Ng1 b5 12. Nce2 Bb7 13. c3 Nxe2 14. Qxe2 Rac8 15. f4
c4 16. Rad1 exf4 17. Bxf4 Rfe8 18. Rfe1 d5 19. e5 Nh5 20. d4 Nxf4 21. gxf4 b4
22. Rf1 Qc7 23. Qf2 bxc3 24. bxc3 Rcd8 25. Rb1 Bc8 26. Rb5 Qc6 27. Rfb1 Bf8 28.
Ne2 Bf5 29. R1b2 Ba3 30. Ng3 Bxb2 31. Qxb2 Be6 32. f5 Bxf5 33. Nxf5 gxf5 34.
Rc5 Qe6 35. Qf2 Kh8 36. Qf3 Rg8 37. Rxd5 Rxg2+ 0-1

[Event "OLSW 1819 Gambit Saarbrücken - SK Frank"]
[Site "?"]
[Date "2019.03.24"]
[Round "8.4"]
[White "Erhardt, Michael"]
[Black "Syska, Albert"]
[Result "1-0"]
[WhiteElo "2077"]
[BlackElo "2231"]
[PlyCount "89"]
[EventDate "2019.??.??"]

1. e4 e6 2. d4 d5 3. Nc3 Bb4 4. a3 Bxc3+ 5. bxc3 dxe4 6. Qg4 Nf6 7. Qxg7 Rg8 8.
Qh6 Rg6 9. Qd2 c5 10. Ne2 Nc6 11. a4 e5 12. dxe5 Qxd2+ 13. Bxd2 Nxe5 14. Be3 b6
15. Ng3 Bb7 16. Bf4 Nfd7 17. Rd1 a6 18. Be2 Bc6 19. Bh5 Rg8 20. O-O Bxa4 21.
Nxe4 Bxc2 22. Nd6+ Ke7 23. Rd2 Bg6 24. Re1 Kf6 25. Bxg6 Nxg6 26. Bg3 Ra7 27.
Ne8+ Kg5 28. Rd5+ Kh6 29. Rd6 f6 30. Nxf6 Nxf6 31. Rxf6 b5 32. Rc6 c4 33. Bf4+
Kh5 34. Be3 Re7 35. Rxa6 Rd8 36. Rb1 Re5 37. Ra7 Nf8 38. Rb7 Kg6 39. Kf1 Rdd5
40. Bd4 Rh5 41. Rg7+ Kh6 42. Rg8 Ne6 43. Be3+ Ng5 44. h4 Rxh4 45. Rxg5 1-0

[Event "OLSW 1819 Gambit Saarbrücken - SK Frank"]
[Site "?"]
[Date "2019.03.24"]
[Round "8.5"]
[White "Kargoll, Peter"]
[Black "Gross, Georg"]
[Result "0-1"]
[WhiteElo "2154"]
[BlackElo "2263"]
[PlyCount "76"]
[EventDate "2019.??.??"]

1. d4 Nc6 2. Bf4 d6 3. Nf3 g6 4. c3 Bg7 5. e4 Nf6 6. Bd3 O-O 7. d5 e5 8. Bg5
Ne7 9. h3 Nh5 10. g4 Nf4 11. Bxf4 exf4 12. Nbd2 c6 13. dxc6 bxc6 14. Qc2 Rb8
15. Kf1 d5 16. exd5 cxd5 17. Rb1 Qa5 18. b4 Qc7 19. c4 dxc4 20. Bxc4 Nd5 21. a3
Bb7 22. Qb3 Nb6 23. Bd3 Bd5 24. Qc2 Qb7 25. Be4 Rbc8 26. Qd3 Rc3 27. Bxd5 Nxd5
28. Qe4 Rxa3 29. Kg2 Qa8 30. Rhe1 Bc3 31. Kg1 Bxd2 32. Nxd2 Rxh3 33. Qg2 Rd3
34. Rb2 f3 35. Qg3 Nc3 36. Qe5 Ne2+ 37. Kf1 Re8 38. Qh2 Qd5 0-1

[Event "OLSW 1819 Gambit Saarbrücken - SK Frank"]
[Site "?"]
[Date "2019.03.24"]
[Round "8.6"]
[White "Forthoffer, Patrick"]
[Black "Johann, Christof"]
[Result "1/2-1/2"]
[WhiteElo "2164"]
[BlackElo "2162"]
[PlyCount "69"]
[EventDate "2019.??.??"]

1. d4 Nf6 2. c4 g6 3. Nc3 Bg7 4. e4 d6 5. Nge2 O-O 6. Ng3 e5 7. d5 a5 8. Be2
Na6 9. Bg5 Qe8 10. O-O h6 11. Be3 h5 12. Qd2 b6 13. Rae1 Nc5 14. f3 Bd7 15. Bd1
Kh7 16. Nh1 Ng8 17. Nf2 Qe7 18. Nd3 Nxd3 19. Qxd3 Bh6 20. Ba4 Bxe3+ 21. Qxe3
Bxa4 22. Nxa4 Nh6 23. Nc3 Rae8 24. a3 Kg7 25. b4 Ra8 26. h3 axb4 27. axb4 Ra3
28. Ra1 Rfa8 29. Rxa3 Rxa3 30. Qc1 Ra8 31. Nb5 Ng8 32. Qb2 Nf6 33. Ra1 Rxa1+
34. Qxa1 Ne8 35. Qc3 1/2-1/2

[Event "OLSW 1819 Gambit Saarbrücken - SK Frank"]
[Site "?"]
[Date "2019.03.24"]
[Round "8.7"]
[White "Kuehn, Bernd"]
[Black "Vogel, Christian"]
[Result "0-1"]
[WhiteElo "2024"]
[BlackElo "2219"]
[PlyCount "130"]
[EventDate "2019.??.??"]

1. d4 d5 2. Bg5 c5 3. dxc5 f6 4. Bd2 a5 5. e4 e6 6. exd5 Bxc5 7. Qe2 Kf7 8. Nc3
exd5 9. Qh5+ Kf8 10. Qxd5 Qe7+ 11. Ne4 Bb4 12. Bxb4 axb4 13. Qd6 Bf5 14. Qxe7+
Nxe7 15. Bd3 Nbc6 16. Nf3 Bg4 17. Nfd2 Ne5 18. Be2 Bxe2 19. Kxe2 Nf5 20. Rhc1
Ke7 21. f4 Nd4+ 22. Ke3 Nf5+ 23. Kf2 Ng4+ 24. Kg1 Nd4 25. Ng3 Ne3 26. c3 Ndc2
27. Nf5+ Nxf5 28. Rxc2 Rhc8 29. Nf3 Kf8 30. Rcc1 bxc3 31. bxc3 Ra3 32. c4 Ne3
33. c5 Nd5 34. f5 Nc3 35. Nd4 Kf7 36. Rc2 Rxc5 37. Rac1 b6 38. Kf1 Ne4 39. g4
Rd3 40. Ne6 Rcc3 41. Rxc3 Nxc3 42. Rc2 g6 43. fxg6+ hxg6 44. Nc7 g5 45. Rb2
Rd1+ 46. Kg2 Rd7 47. Na8 b5 48. Nb6 Rd4 49. h3 b4 50. Nc8 Ke6 51. Na7 Kd7 52.
Rc2 Rd5 53. Nc8 Kxc8 54. a3 Kb7 55. axb4 Rd3 56. Rf2 Nd5 57. Rf3 Nf4+ 58. Kg3
Rxf3+ 59. Kxf3 Nxh3 60. Ke4 Kb6 61. Kf5 Kb5 62. Kxf6 Kxb4 63. Ke5 Kc3 64. Ke4
Kd2 65. Kf3 Kd3 0-1

[Event "OLSW 1819 Gambit Saarbrücken - SK Frank"]
[Site "?"]
[Date "2019.03.24"]
[Round "8.8"]
[White "Haenssel, Christian"]
[Black "Stein, Daniel"]
[Result "1-0"]
[WhiteElo "2081"]
[BlackElo "1946"]
[PlyCount "63"]
[EventDate "2019.??.??"]

1. c4 g6 2. g3 Bg7 3. Bg2 d6 4. Nc3 e5 5. e4 Nc6 6. d3 Nd4 7. Nge2 Bg4 8. O-O
Nf3+ 9. Kh1 h5 10. Nd5 h4 11. Ne3 f5 12. exf5 gxf5 13. Nxg4 fxg4 14. Bxf3 gxf3
15. Ng1 Qd7 16. Nxf3 hxg3 17. fxg3 Qh3 18. Qe2 O-O-O 19. Ng5 Qxg3 20. Nf7 Nf6
21. Nxh8 Rxh8 22. Qf2 Qxd3 23. Qf5+ Qxf5 24. Rxf5 e4 25. Rg5 Nh5 26. c5 e3 27.
Bxe3 Bxb2 28. Rag1 Kd7 29. cxd6 Kxd6 30. Rb5 Be5 31. Rd1+ Ke6 32. Rxe5+ 1-0

[Event "OLSW 1819 SK Frankenthal - SK Landau"]
[Site "?"]
[Date "2019.04.07"]
[Round "9.1"]
[White "Silber, Henning"]
[Black "Syrov, Arkadi"]
[Result "1/2-1/2"]
[WhiteElo "2297"]
[BlackElo "2316"]
[PlyCount "97"]
[EventDate "2019.??.??"]

1. e4 e5 2. Nf3 Nc6 3. d4 exd4 4. Nxd4 Nf6 5. Nc3 Bb4 6. Nxc6 bxc6 7. Bd3 d5 8.
exd5 O-O 9. O-O Bg4 10. f3 Bh5 11. Bg5 cxd5 12. Kh1 c6 13. Ne2 h6 14. Bh4 Bc5
15. c3 g5 16. Bg3 Re8 17. b4 Be3 18. Nd4 Ne4 19. Bxe4 dxe4 20. Nxc6 Qf6 21.
fxe4 Qg6 22. Qd6 Qxd6 23. Bxd6 Rxe4 24. Ne7+ Kh8 25. Nf5 Bd2 26. Ng3 Re6 27.
Bc5 Bg6 28. Bd4+ Kh7 29. Rad1 Bf4 30. Rde1 Rae8 31. Rxe6 Rxe6 32. a4 a6 33. Kg1
Bc2 34. Ra1 Kg6 35. b5 Bc7 36. a5 axb5 37. a6 Bxg3 38. a7 Be4 39. hxg3 Ba8 40.
Kf2 Rd6 41. Ke3 Kf5 42. Ra5 Re6+ 43. Kf2 Kg4 44. Rxb5 Ra6 45. Rb2 Bd5 46. Be3
f5 47. Rb4+ Be4 48. Rb2 Ra4 49. Bd4 1/2-1/2

[Event "OLSW 1819 SK Frankenthal - SK Landau"]
[Site "?"]
[Date "2019.04.07"]
[Round "9.3"]
[White "Lang, Torsten"]
[Black "Geyer, Bernhard"]
[Result "1/2-1/2"]
[WhiteElo "2321"]
[BlackElo "2162"]
[PlyCount "69"]
[EventDate "2019.??.??"]

1. d4 Nf6 2. Nf3 d5 3. g3 g6 4. Bg2 Bg7 5. O-O O-O 6. c4 c6 7. Nc3 e6 8. Bf4
Nbd7 9. Qd3 b6 10. cxd5 exd5 11. Ne5 Nxe5 12. Bxe5 Bf5 13. Qa6 Qe7 14. Rac1 Bh6
15. Bxf6 Qxf6 16. e3 Qe7 17. Rfd1 Rad8 18. a3 Rd6 19. Na2 Bc8 20. Qe2 a5 21. b4
Qa7 22. b5 cxb5 23. Qxb5 Ba6 24. Qb2 Bc4 25. Nc3 Qa6 26. a4 Rb8 27. Bf1 Bxf1
28. Rxf1 Bf8 29. Nb5 Rd7 30. Rc6 Qb7 31. Rfc1 Bc5 32. Rf6 Be7 33. Rfc6 Bc5 34.
Rf6 Be7 35. Rfc6 1/2-1/2

[Event "OLSW 1819 SK Frankenthal - SK Landau"]
[Site "?"]
[Date "2019.04.07"]
[Round "9.4"]
[White "Syska, Albert"]
[Black "Bruch, Jochen"]
[Result "1/2-1/2"]
[WhiteElo "2217"]
[BlackElo "2188"]
[PlyCount "131"]
[EventDate "2019.??.??"]

1. e4 c5 2. Nf3 e6 3. d4 cxd4 4. Nxd4 Nf6 5. Nc3 d6 6. g4 h6 7. Rg1 Nc6 8. h4
h5 9. g5 Ng4 10. Rg2 Qb6 11. Nb3 a6 12. Qe2 Bd7 13. f3 Nge5 14. Be3 Qc7 15. a4
Na5 16. f4 Ng4 17. Nxa5 Nxe3 18. Qxe3 Qxa5 19. g6 f6 20. Bc4 O-O-O 21. O-O-O
Re8 22. Bb3 Kb8 23. Qh3 b5 24. axb5 axb5 25. Kb1 Kc7 26. f5 b4 27. Na2 exf5 28.
Rd5 Qb6 29. exf5 Re1+ 30. Nc1 Bc6 31. Rdd2 Bxg2 32. Rxg2 Be7 33. c3 Ra8 34. Kc2
bxc3 35. Qxc3+ Qc5 36. Nd3 Qxc3+ 37. bxc3 Rf1 38. Be6 d5 39. Bxd5 Ra4 40. Re2
Kd8 41. Kb3 Rxh4 42. Be6 Ra1 43. Rd2 Kc7 44. Nf4 Rb1+ 45. Kc2 Rb7 46. Rd4 Kb8
47. Bf7 Bd6 48. Rxd6 Rxf4 49. Rd8+ Kc7 50. Rg8 Rxf5 51. Rxg7 Kd6 52. Rh7 Rg5
53. Kd3 Ke5 54. Be8 Rb1 55. Bf7 Rbg1 56. Rh8 R1g3+ 57. Kc4 R5g4+ 58. Kb5 Rxc3
59. Rxh5+ f5 60. Be8 Rc7 61. Kb6 Rc8 62. Rxf5+ Ke6 63. Bb5 Rb8+ 64. Kc7 Kxf5
65. Bd7+ Kxg6 66. Bxg4 1/2-1/2

[Event "OLSW 1819 SK Frankenthal - SK Landau"]
[Site "?"]
[Date "2019.04.07"]
[Round "9.5"]
[White "Leuranguer, Yannick"]
[Black "Johann, Christof"]
[Result "1/2-1/2"]
[WhiteElo "2258"]
[BlackElo "2162"]
[PlyCount "27"]
[EventDate "2019.??.??"]

1. e4 c5 2. c3 d5 3. exd5 Qxd5 4. d4 g6 5. Nf3 Bg7 6. Be2 cxd4 7. cxd4 Nf6 8.
Nc3 Qa5 9. O-O O-O 10. Qb3 Nbd7 11. Bd2 Qd8 12. Na4 Ne4 13. Bf4 Ndf6 14. Rfd1
1/2-1/2

[Event "OLSW 1819 SK Frankenthal - SK Landau"]
[Site "?"]
[Date "2019.04.07"]
[Round "9.6"]
[White "Kuehn, Bernd"]
[Black "Bernhardt, Rolf"]
[Result "1-0"]
[WhiteElo "2019"]
[BlackElo "2212"]
[PlyCount "69"]
[EventDate "2019.??.??"]

1. d4 f5 2. Bg5 g6 3. Nd2 Bg7 4. c3 Nh6 5. e4 fxe4 6. Nxe4 Nf7 7. h4 d5 8. Ng3
Qd6 9. Nf3 Bg4 10. Qd2 Bxf3 11. gxf3 Nxg5 12. hxg5 Nd7 13. f4 e6 14. O-O-O O-O
15. Rh4 Rf7 16. Bd3 c5 17. dxc5 Nxc5 18. Bc2 Raf8 19. Ne2 Qa6 20. Kb1 Ne4 21.
Qe3 Qc4 22. Rdh1 e5 23. Rxh7 Rxf4 24. Nxf4 exf4 25. Qh3 Qc7 26. Rh8+ Kf7 27.
Rxf8+ Bxf8 28. f3 Nxg5 29. Qg4 Qe5 30. Rd1 Kf6 31. Bb3 Nxf3 32. Qxf3 Qe4+ 33.
Qd3 g5 34. Bxd5 Qxd3+ 35. Rxd3 1-0

[Event "OLSW 1819 SK Frankenthal - SK Landau"]
[Site "?"]
[Date "2019.04.07"]
[Round "9.7"]
[White "Moeldner, Juergen"]
[Black "Louis, Volker"]
[Result "1-0"]
[WhiteElo "2228"]
[BlackElo "2059"]
[PlyCount "75"]
[EventDate "2019.??.??"]

1. e4 d6 2. d4 Nf6 3. Nc3 g6 4. Be3 Bg7 5. Qd2 c6 6. f3 b5 7. Bd3 O-O 8. Nge2
Nbd7 9. Nd1 e5 10. c3 d5 11. Nf2 a5 12. O-O Rb8 13. Rad1 Qc7 14. Rfe1 c5 15.
dxe5 Nxe5 16. Bf4 Re8 17. Ng3 Bd7 18. Bf1 Bc6 19. Nd3 dxe4 20. Bxe5 Rxe5 21.
Nxe5 Qxe5 22. Qd6 Qe8 23. Nxe4 Bxe4 24. fxe4 c4 25. e5 Ng4 26. e6 fxe6 27. Rxe6
Qf8 28. Qxf8+ Bxf8 29. Rd5 Kf7 30. Re1 Nf6 31. Rxb5 Rc8 32. g3 a4 33. Bh3 Rc7
34. a3 Bc5+ 35. Kg2 Rc6 36. Rb7+ Kf8 37. Re6 Rxe6 38. Bxe6 1-0

[Event "OLSW 1819 SK Frankenthal - SK Landau"]
[Site "?"]
[Date "2019.04.07"]
[Round "9.8"]
[White "Stein, Daniel"]
[Black "Lang, Matthias"]
[Result "1/2-1/2"]
[WhiteElo "1940"]
[BlackElo "2158"]
[PlyCount "63"]
[EventDate "2019.??.??"]

1. d4 g6 2. g3 Bg7 3. Bg2 d6 4. e4 Nc6 5. Be3 Nf6 6. h3 O-O 7. Ne2 e5 8. O-O
exd4 9. Nxd4 Re8 10. Nxc6 bxc6 11. Nc3 Bb7 12. Qd3 a5 13. Rfe1 Nd7 14. f4 Ba6
15. Qd2 Rb8 16. Rab1 Nb6 17. b3 Qf6 18. Ne2 Bxe2 19. Rxe2 Nc4 20. Qd3 Nxe3 21.
Rxe3 c5 22. Kh2 a4 23. Rf1 axb3 24. cxb3 Qd4 25. Qe2 Qb2 26. Qxb2 Bxb2 27. e5
dxe5 28. fxe5 Rxe5 29. Rxe5 Bxe5 30. Bd5 Rf8 31. Rc1 Bd4 32. a4 1/2-1/2

[Event "OLSW 1819 SC Heimbach-Weis-Neuwied - Ga"]
[Site "?"]
[Date "2019.04.07"]
[Round "9.1"]
[White "Muller, Etienne"]
[Black "Winterberg, Lukas"]
[Result "0-1"]
[WhiteElo "2166"]
[BlackElo "2374"]
[PlyCount "78"]
[EventDate "2019.??.??"]

1. e4 e6 2. Nf3 d5 3. Nc3 Nf6 4. e5 Nfd7 5. d4 c5 6. Bg5 Qb6 7. dxc5 Bxc5 8.
Qd2 Nc6 9. Na4 Qb4 10. Nxc5 Qxd2+ 11. Nxd2 Nxc5 12. f4 Nd4 13. O-O-O Nf5 14. b4
Na6 15. a3 h6 16. g4 Ne3 17. Bb5+ Bd7 18. Bxd7+ Kxd7 19. Rde1 Nxg4 20. Bh4 h5
21. Nb3 Rhc8 22. f5 Nh6 23. fxe6+ fxe6 24. Rhg1 Nf5 25. Bf2 Rc4 26. b5 Nc7 27.
Nc5+ Ke7 28. Nxb7 Nxb5 29. Bc5+ Kd7 30. Rg5 Kc7 31. Nd6 Rxc5 32. Nxf5 exf5 33.
Rxg7+ Kb6 34. e6 Nd4 35. e7 Rxc2+ 36. Kd1 Rac8 37. Rg6+ Ka5 38. e8=Q Rc1+ 39.
Kd2 Nb3+ 0-1

[Event "OLSW 1819 SC Heimbach-Weis-Neuwied - Ga"]
[Site "?"]
[Date "2019.04.07"]
[Round "9.2"]
[White "Boidman, Yuri"]
[Black "Erhardt, Michael"]
[Result "1-0"]
[WhiteElo "2354"]
[BlackElo "2091"]
[PlyCount "47"]
[EventDate "2019.??.??"]

1. Nf3 Nf6 2. d4 d5 3. c4 e6 4. Nc3 Be7 5. Bf4 O-O 6. e3 c5 7. dxc5 Bxc5 8. Qc2
Qa5 9. Be2 Nc6 10. O-O dxc4 11. Bxc4 Be7 12. Rfd1 e5 13. Bg5 Bg4 14. Bxf6 Bxf6
15. Nd5 Rac8 16. Qe4 Bh5 17. Nxf6+ gxf6 18. Qf5 Ne7 19. Qxf6 Rxc4 20. Qxe7 e4
21. Ne5 Qc5 22. Qg5+ Bg6 23. Qf6 Rc2 24. Nd7 1-0

[Event "OLSW 1819 SC Heimbach-Weis-Neuwied - Ga"]
[Site "?"]
[Date "2019.04.07"]
[Round "9.4"]
[White "Puth, Dieter"]
[Black "Forthoffer, Patrick"]
[Result "1-0"]
[WhiteElo "2223"]
[BlackElo "2164"]
[PlyCount "75"]
[EventDate "2019.??.??"]

1. d4 f5 2. g3 Nf6 3. Bg2 e6 4. Nf3 Be7 5. O-O O-O 6. c4 d5 7. Nc3 Nbd7 8. Qd3
c6 9. cxd5 exd5 10. Bg5 h6 11. Bf4 Ne4 12. Ne5 g5 13. Nxd7 Bxd7 14. Be5 Nd6 15.
f3 Nc4 16. e4 Be6 17. exd5 Nxe5 18. dxe5 Bxd5 19. Nxd5 Qxd5 20. Qxd5+ cxd5 21.
f4 Rad8 22. Rfd1 Bc5+ 23. Kf1 gxf4 24. gxf4 d4 25. Bxb7 Kf7 26. Rac1 Bb6 27.
Ke2 Rg8 28. Bf3 Ke7 29. Rc6 h5 30. Kd3 Rc8 31. Rxc8 Rxc8 32. Rg1 h4 33. Rg7+
Ke6 34. Bb7 Rc5 35. Rh7 Ra5 36. a3 h3 37. Bc8+ Kd5 38. Rh6 1-0

[Event "OLSW 1819 SC Heimbach-Weis-Neuwied - Ga"]
[Site "?"]
[Date "2019.04.07"]
[Round "9.5"]
[White "Vogel, Christian"]
[Black "Ronge, Tim Hendrick"]
[Result "0-1"]
[WhiteElo "2224"]
[BlackElo "2121"]
[PlyCount "84"]
[EventDate "2019.??.??"]

1. d4 d5 2. c4 dxc4 3. Nf3 Nf6 4. e3 Bg4 5. Bxc4 e6 6. Nbd2 Nc6 7. Qa4 Bd6 8.
Bb5 O-O 9. Bxc6 bxc6 10. e4 Bxf3 11. gxf3 e5 12. dxe5 Bxe5 13. Nc4 Bd4 14. Be3
Bxe3 15. fxe3 Nd7 16. O-O-O Qe7 17. Qxc6 Nb6 18. Rhg1 Rab8 19. Na5 g6 20. Qc2
Qf6 21. f4 Na4 22. Nc4 Rb4 23. e5 Qa6 24. b3 Nb6 25. Nxb6 Qxb6 26. Qc3 a5 27.
Rd4 c5 28. Rd6 Qb8 29. Rc6 a4 30. Kc2 Rc8 31. Rxc8+ Qxc8 32. Rd1 Qa8 33. Kb2
axb3 34. axb3 Qb8 35. Kc2 Qa8 36. Kb2 Qb8 37. Rd7 c4 38. Qd4 Rxb3+ 39. Kc2 Rd3
40. Qa7 Qb3+ 41. Kc1 Qd1+ 42. Kb2 Rb3+ 0-1

[Event "OLSW 1819 SC Heimbach-Weis-Neuwied - Ga"]
[Site "?"]
[Date "2019.04.07"]
[Round "9.6"]
[White "Fink, Christian"]
[Black "Haenssel, Christian"]
[Result "0-1"]
[WhiteElo "2162"]
[BlackElo "2087"]
[PlyCount "64"]
[EventDate "2019.??.??"]

1. e4 c5 2. Nf3 d6 3. d4 cxd4 4. Qxd4 Nc6 5. Bb5 Bd7 6. Bxc6 Bxc6 7. Nc3 e6 8.
Bg5 Nf6 9. O-O-O Be7 10. Rhe1 Qa5 11. Qd2 O-O 12. Kb1 Qa6 13. Nd4 Rfd8 14. f4
b5 15. Qe2 Rab8 16. f5 Qc8 17. fxe6 fxe6 18. e5 dxe5 19. Qxe5 b4 20. Nce2 Bd5
21. Nf4 Ng4 22. Qe2 Bxg5 23. Qxg4 Bxf4 24. Qxf4 Rb6 25. Qh4 Rf8 26. Re3 Qa6 27.
Nb3 Rd6 28. Red3 Rc6 29. Rh3 h6 30. Rg3 Qe2 31. Rc1 Rf1 32. Qd4 Qxc2+ 0-1

[Event "OLSW 1819 SC Heimbach-Weis-Neuwied - Ga"]
[Site "?"]
[Date "2019.04.07"]
[Round "9.7"]
[White "von Brochowski, Christoph"]
[Black "Jahn, Peter"]
[Result "0-1"]
[WhiteElo "2032"]
[BlackElo "2045"]
[PlyCount "58"]
[EventDate "2019.??.??"]

1. d4 e6 2. Nf3 d5 3. Bf4 Bd6 4. Bg3 Nf6 5. c3 O-O 6. e3 c5 7. Nbd2 Nc6 8. Bd3
Qe7 9. O-O e5 10. dxc5 Bxc5 11. e4 d4 12. Nc4 dxc3 13. bxc3 Nd7 14. Qe2 f6 15.
Ne3 Bxe3 16. Qxe3 Nb6 17. Nd2 Rd8 18. Nc4 Nxc4 19. Bxc4+ Be6 20. Bb5 Na5 21.
Rfd1 a6 22. Bf1 Rxd1 23. Rxd1 Bxa2 24. f4 exf4 25. Bxf4 Bc4 26. Bxc4+ Nxc4 27.
Qd4 Rc8 28. Qd5+ Kf8 29. Rd4 Rc5 0-1

[Event "OLSW 1819 SC Turm Winterbach - SVG Saar"]
[Site "?"]
[Date "2019.04.07"]
[Round "9.1"]
[White "Bastian, Herbert"]
[Black "Spengler, Hanno"]
[Result "1-0"]
[WhiteElo "2299"]
[BlackElo "2068"]
[PlyCount "83"]
[EventDate "2019.??.??"]

1. e4 e5 2. Nf3 Nf6 3. Nxe5 d6 4. Nf3 Nxe4 5. Nc3 Nxc3 6. dxc3 Be7 7. Be3 Nd7
8. Qd2 Nf6 9. Bd3 Be6 10. Nd4 Nd5 11. Nxe6 fxe6 12. O-O Qd7 13. Rae1 O-O 14.
Bc4 c6 15. Bxd5 exd5 16. Re2 a6 17. Rfe1 Qf5 18. Qd3 Qf7 19. Bd4 Bg5 20. g3
Rae8 21. f4 Bd8 22. Kg2 h6 23. h4 Qh5 24. Qf3 Rxe2+ 25. Qxe2 Qxe2+ 26. Rxe2 Kf7
27. h5 Bf6 28. g4 Rc8 29. Bxf6 Kxf6 30. Kf3 b5 31. f5 Rd8 32. Re6+ Kf7 33. Kf4
a5 34. g5 hxg5+ 35. Kxg5 c5 36. h6 gxh6+ 37. Rxh6 Rg8+ 38. Rg6 Rd8 39. f6 b4
40. Rg7+ Kf8 41. Kg6 Re8 42. Rb7 1-0

[Event "OLSW 1819 SC Turm Winterbach - SVG Saar"]
[Site "?"]
[Date "2019.04.07"]
[Round "9.2"]
[White "Becker, Thomas"]
[Black "Mohammad, Samir"]
[Result "1/2-1/2"]
[WhiteElo "2152"]
[BlackElo "2306"]
[PlyCount "49"]
[EventDate "2019.??.??"]

1. e4 d6 2. d4 Nf6 3. Nc3 g6 4. Nf3 Bg7 5. Be2 O-O 6. O-O a6 7. a4 b6 8. Re1
Bb7 9. Bf1 e6 10. Bf4 h6 11. h3 Nfd7 12. Bg3 Nc6 13. Nb1 e5 14. dxe5 Ndxe5 15.
Nxe5 Nxe5 16. Nd2 Re8 17. c3 Qf6 18. Qc2 g5 19. Nc4 Qg6 20. Bxe5 Bxe5 21. Bd3
Bg7 22. f3 Qe6 23. Ne3 Qe5 24. Qf2 Bf8 25. Kh1 1/2-1/2

[Event "OLSW 1819 SC Turm Winterbach - SVG Saar"]
[Site "?"]
[Date "2019.04.07"]
[Round "9.3"]
[White "Thomas, Anysia"]
[Black "Hermann, Thomas"]
[Result "1/2-1/2"]
[WhiteElo "2149"]
[BlackElo "2114"]
[PlyCount "47"]
[EventDate "2019.??.??"]

1. d4 Nf6 2. c4 e6 3. Nf3 b6 4. g3 Ba6 5. Nbd2 d5 6. Bg2 Be7 7. O-O O-O 8. Ne5
c5 9. Ndf3 cxd4 10. Nxd4 Bd6 11. Nxf7 Rxf7 12. Nxe6 Qe7 13. Ng5 Rf8 14. Bxd5+
Nxd5 15. Qxd5+ Kh8 16. Rd1 Bc5 17. Bf4 Bb7 18. Qd3 Qxg5 19. Bxg5 Bxf2+ 20. Kf1
Bxg3+ 21. Kg1 Bf2+ 22. Kf1 Bg3+ 23. Kg1 Bf2+ 24. Kf1 1/2-1/2

[Event "OLSW 1819 SC Turm Winterbach - SVG Saar"]
[Site "?"]
[Date "2019.04.07"]
[Round "9.4"]
[White "Hell, Manfred"]
[Black "Frantz, Nicolas"]
[Result "1/2-1/2"]
[WhiteElo "2112"]
[BlackElo "2115"]
[PlyCount "52"]
[EventDate "2019.??.??"]

1. d4 Nf6 2. Nf3 d5 3. c4 e6 4. g3 Be7 5. Bg2 O-O 6. Qc2 dxc4 7. Qxc4 a6 8. Ne5
b5 9. Qd3 Ra7 10. O-O c5 11. a4 b4 12. Rd1 cxd4 13. Qxd4 Qxd4 14. Rxd4 Bb7 15.
Nd2 Bxg2 16. Kxg2 Rc7 17. Rc4 Rfc8 18. b3 Nbd7 19. Bb2 Rxc4 20. bxc4 Nxe5 21.
Bxe5 Nd7 22. Bd4 Bc5 23. e3 e5 24. Bb2 f6 25. Kf1 Kf7 26. Ke2 Bf8 1/2-1/2

[Event "OLSW 1819 SC Turm Winterbach - SVG Saar"]
[Site "?"]
[Date "2019.04.07"]
[Round "9.5"]
[White "Busche, Stefan"]
[Black "Sahm, Philipp"]
[Result "1/2-1/2"]
[WhiteElo "2085"]
[BlackElo "2011"]
[PlyCount "83"]
[EventDate "2019.??.??"]

1. e4 c5 2. Nf3 g6 3. d4 cxd4 4. Nxd4 Nf6 5. Nc3 Nc6 6. Be3 Bg7 7. Bc4 O-O 8.
Bb3 d6 9. f3 Bd7 10. Qd2 Rb8 11. Nxc6 bxc6 12. Bxa7 Rb7 13. Be3 Qc7 14. Rb1 d5
15. O-O Rd8 16. Rfd1 Be6 17. Na4 Ra8 18. Nc5 Rb5 19. Nxe6 fxe6 20. c4 Rba5 21.
cxd5 exd5 22. exd5 Nxd5 23. Rbc1 e6 24. Bd4 e5 25. Be3 Qb7 26. Rxc6 Qxc6 27.
Bxd5+ Qxd5 28. Qxd5+ Rxd5 29. Rxd5 Rxa2 30. Rb5 e4 31. Rb8+ Kf7 32. Rb7+ Kg8
33. fxe4 Bxb2 34. h4 Be5 35. g4 Bg3 36. h5 Ra4 37. h6 Rxe4 38. Bc5 Rxg4 39. Kf1
Be5 40. Re7 Rf4+ 41. Kg2 Rf5 42. Re8+ 1/2-1/2